000 00655 a2200217 4500
005 20191015095732.0
008 191015s2012 fr ||||| |||| 00| 0 fre d
020 _a9782275038933
040 _aCO-BoUCM
_bspa
_cSaul Niño
_dSaul Niño
041 0 _afre
100 1 0 _aDross, William
_998803
245 1 0 _aDroit civil
_bles choses
_cWilliam Dross
260 _aParis
_bL.G.D.J
_c2012
300 _a982 páginas
546 _aTexto en francés
650 7 _922576
_aPropiedad
650 7 _912041
_aCosas (Derecho)
650 7 _aDerecho civil
_zFrancia
_941578
942 _cLIBRO
_2DEWEY
_a8
_e1
_h346.04
_mD787c
999 _c315369
_d315369